Statistics for 早慶の学部

Click here to take the quiz!

General Stats

  • This quiz has been taken 80 times
  • The average score is 17 of 23

Answer Stats

大学学部% Correct
慶應義塾大学医学部
98%
早稲田大学文学部
98%
慶應義塾大学文学部
98%
早稲田大学法学部
97%
慶應義塾大学法学部
97%
慶應義塾大学経済学部
95%
早稲田大学政治経済学部
88%
慶應義塾大学理工学部
83%
早稲田大学商学部
83%
慶應義塾大学商学部
83%
早稲田大学教育学部
81%
慶應義塾大学薬学部
78%
早稲田大学スポーツ科学部
72%
早稲田大学文化構想学部
59%
早稲田大学人間科学部
59%
早稲田大学先進理工学部
55%
慶應義塾大学総合政策学部
55%
早稲田大学社会科学部
53%
早稲田大学基幹理工学部
52%
早稲田大学国際教養学部
48%
慶應義塾大学環境情報学部
48%
早稲田大学創造理工学部
42%
慶應義塾大学看護医療学部
31%

Score Distribution

Percentile by Number Answered

Percent of People with Each Score

Your Score History

You have not taken this quiz